01014nam a2200265 i 4500001001000000003000900010005001700019007000300036008004100039040003000080082001400110110004400124240001800168245022900186264004000415300002500455336002700480337003300507338002800540590002800568910000700596942001300603952011500616999001700731000016065DO-SdBNP20230504100716.0ta091125s2009 dr r 000 0 spa d aDO-SdBNPbspacBNPHUerda bR426L2221 aRepública Dominicana. Leyes etc.944710a[Leyes, etc.]10aLey No. 491-08 que modifica los arts. 5,12 y 20 de la ley no. 3726 del 29 de diciembre de 1953 sobre procedimiento de casación y No. 492-08 que modifica la ley no. 241 del 28 de septiembre de 1967 sobre vehículo de motor aSanto Domingo :bCentenario,c2009. a16 paginas ;c22 cm. 2rdacontentatextobtxt 2rdamediaasin mediaciónbn 2rdacarrieravolumenbnc aInventariado, 2023 / DG aDG 2ddccLF2 00102ddc51708PD-FaBNPHUbBNPHUcCTd2023-05-04l0oBNPHU PD R426Lp2023-1587r2023-05-04w2023-05-04yLF2 c53416d53416